| 000 | 01788cam a22004334i 4500 | ||
|---|---|---|---|
| 003 | PE-LiUPU | ||
| 005 | 20250731183350.0 | ||
| 008 | 140430s2013 ck r 000 0 spadd | ||
| 020 | _a9588269687 | ||
| 020 | _a9789588269689 | ||
| 035 | _a(Sirsi) i9789588269689 | ||
| 040 |
_aSPSFM _bspa _cSPSFM _dPE-LiUPU _erda |
||
| 080 | _a796.323 | ||
| 082 | 0 | 4 |
_a796.323 _bF3 _221 |
| 110 | 1 | _aFederación Internacional de Baloncesto. | |
| 245 | 1 | 0 |
_aReglas oficiales de baloncesto y libro de casos : _baprobadas por el Comité Central de la FIBA. |
| 250 | _aTercera edición actualizada: 2013. | ||
| 264 |
_aArmenia : _bKinesis, _c2013. |
||
| 300 |
_a204 páginas :bilustraciones ; _c21 centímetros. |
||
| 336 |
_atext _2rdacontent |
||
| 337 |
_aunmediated _2rdamedia |
||
| 338 |
_avolume _2rdacarrier |
||
| 490 | 0 | _aReglamentos deportivos | |
| 505 | 0 | _aEl juego -- Pista y equipamiento -- Los equipos -- Reglamentación del juego -- Violaciones -- Faltas -- Disposiciones generales -- Árbitros, oficiales de mesa, comisario: obligaciones y derechos -- Libros de casos. | |
| 526 | _aP158 | ||
| 526 | _aP146 | ||
| 526 | _aP17 | ||
| 526 | _aP12 | ||
| 526 | _aP06 | ||
| 541 | _g001-003166; | ||
| 650 | 4 | _aBaloncesto. | |
| 650 | 4 | _aReglamentos deportivos. | |
| 910 |
_ajck _bebj _cebj _d20160711 |
||
| 942 |
_2ddc _cBOOK |
||
| 949 |
_a796.323 F3 _wDEWEY _c1 _i73869 _lCCODEBUL1 _mBUL _p15.85 _r0 _sY _tBOOK _u2016-7-11 _xEDUCACION _PP20 _0COMPRA _o.STAFF. Colección General |
||
| 994 |
_aC0 _bPEPRU |
||
| 596 | _a1 | ||
| 999 |
_a796.323 F3 _wDEWEY _c11038 _i73869 _d11038 _f2021-11-9 _g5 _lCCODEBUL1 _mBUL _p15.85 _q1 _r0 _sY _tBOOK _u2016-7-11 _xEDUCACION _PP20 _0COMPRA _o.STAFF. Colección General |
||
| 980 |
_81 _gALBERTO SANCHEZ Responsable de Automatización |
||